| 000 | 004440000a22001690004500 | ||
|---|---|---|---|
| 003 | LK-CoMWRAF | ||
| 008 | 230817t ||||| |||| 00| 0 eng d | ||
| 040 |
_aLK-CoMWRAF _dLK-CoMWRAF _eLK-CoMWRAF |
||
| 041 | _aeng | ||
| 082 |
_a390 _bWOM |
||
| 245 |
_aWomen's data base _bbibliographical information |
||
| 260 |
_aSantiago _bISIS International _c1988 |
||
| 300 | _ap.325 | ||
| 490 | _aVol. 1, No.1-2 | ||
| 650 | _aBibliography-women | ||
| 942 | _cBK | ||
| 999 |
_c403 _d403 |
||